LIBRARY & INFORMATION CENTRE, KCAET, TAVANUR

ONLINE PUBLIC ACCESS CATALOGUE (OPAC)

Water audit of KCAET campus (Record no. 15706)

MARC details
000 -LEADER
fixed length control field 00460nam a22001697a 4500
003 - CONTROL NUMBER IDENTIFIER
control field OSt
082 ## - DEWEY DECIMAL CLASSIFICATION NUMBER
Classification number 631.587
Item number CHR/W
088 ## - REPORT NUMBER
Report number P 438
100 ## - MAIN ENTRY--AUTHOR NAME
Personal name Chris Irene
100 ## - MAIN ENTRY--AUTHOR NAME
Personal name Deepthi S Nair
100 ## - MAIN ENTRY--AUTHOR NAME
Personal name Praneeth Garg
100 ## - MAIN ENTRY--AUTHOR NAME
Personal name Shafeela Jasmin T P
245 ## - TITLE STATEMENT
Title Water audit of KCAET campus
260 ## - PUBLICATION, DISTRIBUTION, ETC. (IMPRINT)
Place of publication Tavanur
Name of publisher Department of Irrigation and Drainage engineering
Year of publication 2019
700 ## - ADDED ENTRY--PERSONAL NAME
Personal name Anu Varghese (guide)
942 ## - ADDED ENTRY ELEMENTS (KOHA)
Koha item type Project Report
Holdings
Collection code Home library Current library Shelving location Full call number Accession Number Koha item type
Reference KAUAET KAUAET Reference 631.587 CHR/W P 438 Project Report
free website counter